Kumbhalgarh :the pride of Maharanas of Mewar (Record no. 3277)

MARC details
000 -LEADER
fixed length control field 00445nam a22001817a 4500
003 - CONTROL NUMBER IDENTIFIER
control field OSt
005 - DATE AND TIME OF LATEST TRANSACTION
control field 20230713171635.0
008 - FIXED-LENGTH DATA ELEMENTS--GENERAL INFORMATION
fixed length control field 230713b |||||||| |||| 00| 0 eng d
020 ## - INTERNATIONAL STANDARD BOOK NUMBER
International Standard Book Number 9788173053368
082 ## - DEWEY DECIMAL CLASSIFICATION NUMBER
Classification number 954.4
Item number DORK
100 ## - MAIN ENTRY--PERSONAL NAME
Personal name DORJE, C and DIMRI, D.N.
245 ## - TITLE STATEMENT
Title Kumbhalgarh :the pride of Maharanas of Mewar
260 ## - PUBLICATION, DISTRIBUTION, ETC.
Place of publication, distribution, etc. Delhi
Name of publisher, distributor, etc. Aryan Books
Date of publication, distribution, etc. 2008
300 ## - PHYSICAL DESCRIPTION
Extent 156p
546 ## - LANGUAGE NOTE
Language note English
650 ## - SUBJECT ADDED ENTRY--TOPICAL TERM
Topical term or geographic name entry element History
942 ## - ADDED ENTRY ELEMENTS (KOHA)
Source of classification or shelving scheme Dewey Decimal Classification
Koha item type Book
Holdings
Withdrawn status Lost status Source of classification or shelving scheme Damaged status Not for loan Collection code Home library Current library Shelving location Date acquired Source of acquisition Cost, normal purchase price Inventory number Total Checkouts Total Renewals Full call number Barcode Date last seen Date last checked out Price effective from Koha item type
    Dewey Decimal Classification     Non-fiction RIC Library RIC Library General Stacks 07/13/2023 Shiv Book House 1800.00 309/24.05.2023 1 1 954.4 DORK 002547 08/29/2024 08/16/2024 07/13/2023 Book

Venue

Rajasthan International Centre
Sansthan Path,JLN Marg, Jaipur- 302017
Phone: +91-7230904025